|
|
|
|
| LEADER |
00000nab a2200000 a 4500 |
| 001 |
vtls000845924 |
| 003 |
SK-MaSNL |
| 005 |
20260304125539.0 |
| 008 |
250429c2003 xo 0 slo |
| 015 |
|
|
|a SNBRB2003/09-26356
|
| 035 |
|
|
|a CLN000197579
|
| 035 |
|
|
|a urn:nbn:sk:snk-abqqk
|
| 035 |
|
|
|a (urnnbn)urn:nbn:sk:snk:ar-a04kgr
|
| 035 |
|
|
|a (uuid)cea844fa-8429-44d6-b14e-612dd61261ef
|
| 040 |
|
|
|a SNKBUCL
|b slo
|c SNKBUCL
|e AACR2
|
| 041 |
0 |
|
|a cze
|
| 044 |
|
|
|a xo
|c SK
|
| 080 |
|
|
|a 061.1(4-62):614.253.5
|2 1997
|
| 100 |
1 |
|
|a De Raeve, Paul
|4 aut
|9 1438470
|
| 245 |
1 |
0 |
|a Výchozí dokument k návrhu směrnice o uznávání odborných kvalifikací
|b COM (2002)119 final - 2002/0061 (COD)
|c Paul de Raeve
|
| 610 |
2 |
7 |
|a Európska únia
|2 MESH
|9 29861
|
| 650 |
0 |
7 |
|a zákonodarstvo ošetrovateľské
|2 MESH
|9 1437243
|
| 650 |
0 |
7 |
|a povolania zdravotnícke
|2 MESH
|9 1438443
|
| 650 |
0 |
7 |
|a spôsobilosť odborná
|2 MESH
|9 841656
|
| 650 |
0 |
7 |
|a zdravotné sestry
|2 MESH
|9 70278
|
| 650 |
0 |
7 |
|a zamestnanie
|2 MESH
|9 2208
|
| 655 |
|
7 |
|a články z novín a časopisov
|2 snkbucl
|9 267496
|
| 773 |
0 |
|
|t Ošetrovateľstvo a pôrodná asistencia
|g Roč. 1, č. 2 (2003), s. 6-7
|x 1336-183X
|
| 850 |
|
|
|a Slovenská národná knižnica
|
| 852 |
|
|
|a Slovenská národná knižnica
|
| 958 |
|
|
|a article27
|
| 958 |
|
|
|a MI
|
| 958 |
|
|
|a OND
|
| 958 |
|
|
|a EUIPO
|
| 999 |
|
|
|c 2894321
|d 2896251
|